000 00323 a2200109 4500
001 ART_24894
005 20260410161934.0
008 260409a
245 1 0 _aLos servicios deben encararse con criterio industrial
100 1 _aLevitt, Theodore
773 0 _tGestión
_g- Nº 1 (jun./jul. 1973)
_wREV24740
999 _c28909
_d28909